书目信息 |
| 题名: |
广播剧选集
|
|
| 作者: | ;中央人民广播电台文艺部 编 | |
| 分册: | 1 | |
| 出版信息: | 北京 广播出版社 1983 |
|
| 页数: | 372页 | |
| 开本: | 19cm | |
| 丛书名: | 广播文艺丛书 | |
| 单 册: | ||
| 中图分类: | I235.37 , I235 | |
| 科图分类: | ||
| 主题词: | 广播剧本--中国--现代--选集 , 戏剧文学--剧本--中国 | |
| 电子资源: | ||
| ISBN: | ||
| 000 | 00850nam2 2200289 45 | |
| 001 | 0183007589 | |
| 005 | 20040416103528.9 | |
| 010 | @dCNY1.00 | |
| 091 | @a10236.013 | |
| 100 | @a19950120d1983 em y0chiy0121 ea | |
| 101 | 0 | @achi |
| 102 | @aCN@b110000 | |
| 105 | @af z 000by | |
| 106 | @ar | |
| 200 | 10 | @a广播剧选集@h1@Aguang bo ju xuan ji@e全国广播剧得奖剧目@f中国广播剧研究会, 中央人民广播电台文艺部编 |
| 210 | @a北京@c广播出版社@d1983 | |
| 215 | @a372页@c照片@d19cm | |
| 225 | 2 | @a广播文艺丛书 |
| 410 | 0 | @120010@a广播文艺丛书 |
| 606 | @a广播剧本@y中国@z现代@x选集 | |
| 606 | 0 | @a戏剧文学@x剧本@x中国 |
| 690 | @aI235.37@v3 | |
| 690 | @aI235 | |
| 711 | 02 | @a中央人民广播电台文艺部@Azhong yang ren min guang bo dian tai wen yi bu@4编 |
| 801 | 0 | @aCN@b上海图书馆@c20040416 |
| 801 | 2 | @aCN@bNLC@c20040416 |
| 905 | @dI235@e68:1 | |
| 广播剧选集.1:全国广播剧得奖剧目/中国广播剧研究会, 中央人民广播电台文艺部编.-北京:广播出版社,1983 |
| 372页:照片;19cm.-(广播文艺丛书) |
| ISBN :CNY1.00 |
| ● |
| 相关链接 |
|
|
|
|
正题名:广播剧选集
索取号:I235/68:1
 
预约/预借
| 序号 | 登录号 | 条形码 | 馆藏地/架位号 | 状态 | 备注 |
| 1 | 0106995 | 000766228 | 第二借阅区/ [索取号:I235/68:1] | 在馆 | |
| 2 | 0106996 | 000766246 | 第二借阅区/ [索取号:I235/68:1] | 在馆 | |
| 3 | 0106997 | 000766237 | 第一样本阅览室/ [索取号:I235/68:1] | 在馆 |